LDR 00662naa#a2200181#i#450# 001 EN\\bibl\122194 005 20260629215335.1 011 ## _a2414-3995 100 ## _a20260311b2026####ek#y0engy0150####ca 102 ## _aRU 200 1# _aRisk factors in the use of artificial intelligence for crime prevention _eJournal article 210 1# _aMoscow _cMoscow University of the Ministry of Internal Affairs of Russia named after V.Ya. Kikot _d2026 215 ## _a5 с. 608 ## _aJournal article _2local 675 ## _aПраво. Юридические науки. 34 _z 700 #1 _aDavitadze _gMevlud Demuralovich 700 #1 _aSeredin _gAleksey Aleksandrovich 856 4# _amosumvd.editorum.ru _u